000 00926cab a2200265 4500
001 ABS51770
008 090401t1994 xxu||||| |||| 00| 0 eng d
035 _a(Sirsi) u43437
041 _aeng
100 _aWise, L.
245 _aLandlord, help yourself
260 _c1994
350 _a0
490 _aSolicitors` Journal
_v138(44) 18 November 1994, 1186-1187(2)
520 _aDiscusses the rules governing a landlord`s right under common law to levy distress for overdue rents and examines the decision in "McMullen and Sons v Cerrone" (ABS49826) which highlights the difference in law in respect of insolvency of an individual and insolvency of a company.
650 _aDISTRAINT
650 _aDISTRESS
650 _aInsolvency
_96247
650 _aMCMULLEN AND SONS V CERRONE
650 _aOVERDUE RENTS
650 _aTENANTS
690 _aLandlord and tenant
_96252
942 _n0
948 _c04/03/1997
999 _c27718
_d27718